| 000 | 00445 a2200145 4500 | ||
|---|---|---|---|
| 020 | _a1584884215 | ||
| 040 |
_aDLC _bDLC |
||
| 100 | 1 | _aBierbrauer, Juergen. | |
| 245 | 1 | 0 |
_aIntroduction to coding theory _cJuergen Bierbrauer. |
| 260 |
_aBoca Raton, Fla. : _bChapman & Hall/CRC, _cc2005. |
||
| 300 |
_axxiii, 390 p. : _bill. ; _c24 cm. |
||
| 440 | 0 | _aDiscrete mathematics and its applications. | |
| 650 | 0 | _aCoding theory. | |
| 942 |
_cBK _k003.54 BIE _2ddc |
||
| 999 |
_c4927 _d4927 |
||